লোডিং...
Mere natak /
| প্রধান লেখক: | |
|---|---|
| বিন্যাস: | Printed Book |
| ভাষা: | Hindi |
| প্রকাশিত: |
Rajkamal Prakashan ,
1972.
|
| বিষয়গুলি: |
| LEADER | 00503nam a2200157Ia 4500 | ||
|---|---|---|---|
| 008 | 150624b xxu||||| |||| 00| d hin d | ||
| 082 | |a 862.82108 | ||
| 100 | |a Bhagavathi Charan Varma | ||
| 245 | |c Bhagavathi Charan Varma |a Mere natak / | ||
| 260 | |b Rajkamal Prakashan , |c 1972. | ||
| 300 | |a 265 p. | ||
| 546 | |a In Hindi. | ||
| 650 | |v Drama | ||
| 942 | |c BK | ||
| 999 | |c 88232 |d 88232 | ||
| 952 | |0 0 |1 0 |4 0 |6 862_821080000000000_MER_H |7 0 |9 88176 |a UL |b UL |c ST2 |d 1998-09-01 |l 0 |o 862.82108 MER H |p 11876 |r 2012-10-27 |w 2012-10-27 |y BK | ||